Norma Chilena Oficial NCh 2239. Of1999 ISO 2859-3: procedimientos de muestreo para inspección por atributos - procedimientos de muestreo sucesivo parcial
-д хадгалсан:
| Байгууллагын зохиогч: | |
|---|---|
| Формат: | Үл мэдэгдэх |
| Хэл сонгох: | англи |
| Хэвлэсэн: |
Santiago, Chile
Instituto Nacional de Normalización
1999
|
| Нөхцлүүд: | |
| Шошгууд: |
Шошго нэмэх
Шошго байхгүй, Энэхүү баримтыг шошголох эхний хүн болох!
|
MARC
| LEADER | 00000 a2200000 4500 | ||
|---|---|---|---|
| 003 | CL-VaPUC | ||
| 005 | 20240508091203.0 | ||
| 008 | 200303b ||||| |||| 00| 0 eng d | ||
| 999 | |c 376010 |d 376008 | ||
| 040 | |c Pontificia Universidad Católica de Valparaíso | ||
| 082 | |a 658.562 INS 1999 | ||
| 100 | |a |9 604939 | ||
| 110 | 0 | |a Instituto Nacional de Normalización |e autor |9 719886 | |
| 245 | 1 | 0 | |a Norma Chilena Oficial NCh 2239. Of1999 ISO 2859-3: |b procedimientos de muestreo para inspección por atributos - procedimientos de muestreo sucesivo parcial |
| 260 | 3 | |b Instituto Nacional de Normalización |c 1999 |a Santiago, Chile | |
| 300 | |a 25 p | ||
| 583 | |k Cristina Rojas |c 20200303 | ||
| 650 | 0 | 0 | |a Control de calidad |9 259714 |
| 650 | 0 | 0 | |a Normalización |9 262666 |
| 650 | 0 | 0 | |a Muestreo |9 270457 |
| 942 | |2 ddc |c BK | ||
| 952 | |0 0 |1 0 |2 ddc |4 0 |6 658_562000000000000_INS_1999 |7 0 |8 A |9 496034 |a BIBALI |b BIBALI |c REF |d 2020-01-15 |e 9 |g 30600.00 |i 5572851 |o 658.562 INS 1999 |p 5572851 |r 2025-01-20 |t 1 |v 30600.00 |w 2020-01-15 |y BK_F |k ALI | ||